000 00588nam a2200181Ia 4500
003 GCL
008 140319s9999 xx 000 0 ara d
040 _aGCL /
_cGCL
082 0 4 _aق
_b962.0905
_bك ا
100 1 _aكمال الجنزورى
245 1 0 _aمصر والقرن الحادى والعشرون /
_cكمال الجنزورى
300 _a80 ص
490 _aكتاب الاهرام الاقتصادى
_v0
650 0 4 _aمصر - تاريخ
650 0 4 _aمصر - الاحوال السياسية
650 0 4 _aمصر - الاحوال الاقتصادية
942 _2ddc
_cBK
999 _c52156
_d52156